<?xml version="1.0" encoding="UTF-8"?>
<record
    xmlns:xsi="http://www.w3.org/2001/XMLSchema-instance"
    xsi:schemaLocation="http://www.loc.gov/MARC21/slim http://www.loc.gov/standards/marcxml/schema/MARC21slim.xsd"
    xmlns="http://www.loc.gov/MARC21/slim">

  <leader>01737cam a22003375a 4500</leader>
  <controlfield tag="001">18223973</controlfield>
  <controlfield tag="005">20151011143449.0</controlfield>
  <controlfield tag="008">140712t2014    nyua   frb    001 0 eng d</controlfield>
  <datafield tag="020" ind1=" " ind2=" ">
    <subfield code="a">9781137413888 (paperback)</subfield>
  </datafield>
  <datafield tag="040" ind1=" " ind2=" ">
    <subfield code="a">DLC</subfield>
    <subfield code="b">eng</subfield>
    <subfield code="c">DLC</subfield>
    <subfield code="d">EG-ScBUE</subfield>
  </datafield>
  <datafield tag="043" ind1=" " ind2=" ">
    <subfield code="a">a-is---</subfield>
  </datafield>
  <datafield tag="050" ind1="0" ind2="0">
    <subfield code="a">DS113.8.Y4</subfield>
    <subfield code="b">M33 2014</subfield>
  </datafield>
  <datafield tag="082" ind1="0" ind2="4">
    <subfield code="2">22</subfield>
    <subfield code="b">MAD</subfield>
    <subfield code="a">305.23086912095694</subfield>
  </datafield>
  <datafield tag="100" ind1="1" ind2=" ">
    <subfield code="a">Madmoni-Gerber, Shoshana.</subfield>
    <subfield code="9">38475</subfield>
  </datafield>
  <datafield tag="245" ind1="1" ind2="0">
    <subfield code="a">Israeli media and the framing of internal conflict :</subfield>
    <subfield code="b">the Yemenite babies affair /</subfield>
    <subfield code="c">Shoshana Madmoni-Gerber.</subfield>
  </datafield>
  <datafield tag="260" ind1=" " ind2=" ">
    <subfield code="a">New York ;</subfield>
    <subfield code="a">Hampshire :</subfield>
    <subfield code="b">Palgrave Macmillan,</subfield>
    <subfield code="c">c.2009.</subfield>
  </datafield>
  <datafield tag="300" ind1=" " ind2=" ">
    <subfield code="a">xvi, 228 p. :</subfield>
    <subfield code="b">ill.  ;</subfield>
    <subfield code="c">22 cm.</subfield>
  </datafield>
  <datafield tag="500" ind1=" " ind2=" ">
    <subfield code="a">Index : p. 221-228.</subfield>
  </datafield>
  <datafield tag="504" ind1=" " ind2=" ">
    <subfield code="a">Bibliography : p. 213-219.</subfield>
  </datafield>
  <datafield tag="505" ind1="0" ind2=" ">
    <subfield code="a">Present but absent : official narratives and the untold Mizrahi history -- Israeli media : history, ownership, and the politics of Mizrahi representation -- Mapping the media coverage of the Yemenite babies affair -- Media discourse : coverage, cover-up, and criticism -- Israeli media and the articulation of resistance : Rabbi Meshulam's revolt -- Multiculturalism and unity : future implications of the unresolved Yemenite babies affair.</subfield>
  </datafield>
  <datafield tag="650" ind1=" " ind2="0">
    <subfield code="a">Jews, Yemeni</subfield>
    <subfield code="z">Israel</subfield>
    <subfield code="x">Public opinion.</subfield>
    <subfield code="2">BUEsh</subfield>
  </datafield>
  <datafield tag="650" ind1=" " ind2="0">
    <subfield code="a">Kidnapping</subfield>
    <subfield code="z">Israel</subfield>
    <subfield code="x">Public opinion.</subfield>
    <subfield code="2">BUEsh</subfield>
  </datafield>
  <datafield tag="650" ind1=" " ind2="0">
    <subfield code="a">Children of immigrants</subfield>
    <subfield code="z">Israel</subfield>
    <subfield code="x">Public opinion.</subfield>
    <subfield code="2">BUEsh</subfield>
  </datafield>
  <datafield tag="650" ind1=" " ind2="0">
    <subfield code="a">Public opinion</subfield>
    <subfield code="z">Israel.</subfield>
    <subfield code="2">BUEsh</subfield>
  </datafield>
  <datafield tag="650" ind1=" " ind2="0">
    <subfield code="a">Ashkenazim</subfield>
    <subfield code="z">Israel</subfield>
    <subfield code="x">Attitudes.</subfield>
    <subfield code="2">BUEsh</subfield>
  </datafield>
  <datafield tag="650" ind1=" " ind2="0">
    <subfield code="a">Jews, Oriental</subfield>
    <subfield code="z">Israel</subfield>
    <subfield code="x">Social conditions.</subfield>
    <subfield code="2">BUEsh</subfield>
  </datafield>
  <datafield tag="650" ind1=" " ind2="0">
    <subfield code="a">Mass media and public opinion</subfield>
    <subfield code="x">Social aspects</subfield>
    <subfield code="z">Israel.</subfield>
    <subfield code="2">BUEsh</subfield>
  </datafield>
  <datafield tag="651" ind1=" " ind2="0">
    <subfield code="a">Israel</subfield>
    <subfield code="x">Ethnic relations.</subfield>
    <subfield code="2">BUEsh</subfield>
    <subfield code="9">9022</subfield>
  </datafield>
  <datafield tag="653" ind1=" " ind2=" ">
    <subfield code="b">COMAME</subfield>
    <subfield code="b">BUSBOL</subfield>
    <subfield code="c">June2015</subfield>
    <subfield code="c">October2015</subfield>
  </datafield>
  <datafield tag="942" ind1=" " ind2=" ">
    <subfield code="2">ddc</subfield>
  </datafield>
  <datafield tag="999" ind1=" " ind2=" ">
    <subfield code="c">19643</subfield>
    <subfield code="d">19615</subfield>
  </datafield>
  <datafield tag="952" ind1=" " ind2=" ">
    <subfield code="0">0</subfield>
    <subfield code="1">0</subfield>
    <subfield code="2">ddc</subfield>
    <subfield code="4">0</subfield>
    <subfield code="7">0</subfield>
    <subfield code="8">Alahram</subfield>
    <subfield code="a">MAIN</subfield>
    <subfield code="b">MAIN</subfield>
    <subfield code="c">1ST</subfield>
    <subfield code="d">2015-06-15</subfield>
    <subfield code="e">Purchase</subfield>
    <subfield code="g">239.00</subfield>
    <subfield code="h">316</subfield>
    <subfield code="l">2</subfield>
    <subfield code="o">305.23086912095694 MAD</subfield>
    <subfield code="p">000038585</subfield>
    <subfield code="r">2025-07-15 00:00:00</subfield>
    <subfield code="s">2019-04-17</subfield>
    <subfield code="v">298.75</subfield>
    <subfield code="y">BB</subfield>
  </datafield>
</record>
